00861cam a22002411a 450000100060000000300080000600500170001400800410003103500190007203500140009104000350010504100080014008200150014810000420016324500940020526000630029930000230036250400200038560000470040594200120045299900170046495201380048118131BD-RjUL20211209000236.0140219s1960 cau 00110 eng d a(BD-RjUL)18189 a(BD-RjUL) aBD-RjULbengcBD-RjULdBD-RjUL aeng a821.1bMAT1 aMatthews, William,d1905-1975.95586114aThe tragedy of Arthur :ba study of the alliterative "Morte Arthure" /cWilliam Matthews.0 aBerkeley, Calif. :bUniversity of California Press,c1960. ax, 230 p. ;c23cm. aIncludes index.10aMalory, Thomas,cSir,d15th century955865 2ddccBK c18131d18131 00102ddc40718FICaRUCLbRUCLcReadingd1965-10-25eBlack Wellg40.00l0o821.1 MAT 1960r2014-02-19 00:00:00tC-1w2014-02-19yBK